Tratado de la victoria de sí mismo /

Shranjeno v:
Bibliografske podrobnosti
Glavni avtor: Cano, Melchor (autor)
Format: Knjiga
Jezik:španščina
Serija:(Joyas de la Mística Española ; 19)
Teme:
Oznake: Označite
Brez oznak, prvi označite!

MARC

LEADER 00000nam^a2200000^a^4500
001 000380908
005 20250526000000.0
009 20260310120625.013
037 |a Acervo Xavier Clavigero 
041 |a ESP 
082 |a 248. 22  |b JOY V. 19 
100 |a Cano, Melchor,  |e (autor) 
240 1 1 |a [Tratado de la victoria de sí mismo] 
245 1 0 |a Tratado de la victoria de sí mismo /  |c M. Cano. 
264 |a Madrid, España :  |b La España,  |c copyright fecha no identificada 
300 |a 158 p. ;  |c 12.5 cm. 
336 |a texto  |b txt  |2 rdacontenido 
337 |a sin mediación  |b n  |2 rdamedio 
338 |a volumen  |b nc  |2 rdasoporte 
440 1 |a (Joyas de la Mística Española ;  |v 19) 
501 |a Encuadernación particular 
561 |a Ex libris de A. Espinosa M. Chavinda 
562 |a Falta cubierta 
649 |a XX 
650 |a Pecados Capitales -  |x Tema Principal 
650 |a Vicios 
650 |a Pasión 
650 |a Vida Espiritual 
650 |a Vida Cristiana 
650 |a Misticismo Cristiano -  |z España 
650 |a Misticismo Cristiano -  |x Tema Principal 
650 |a Etica Cristiana 
650 |a Catolicismo 
650 |a Cristianismo 
650 |a Religión 
910 |a Fondo General 
920 |a Impresos - Libros 
930 |a Libros Antiguos y Raros 
905 |a 108 
901 |a 0500275787  |b IT2  |c LRA  |u 20250526 
902 |a https://opac.biblio.iteso.mx/vufind/Record/000380908